000 00526nam a2200193Ia 4500
008 191130s2005##################000#0#eng##
020 _a9780195684520
022 _a81080240
040 _aACL
_cACL
082 _a103 BLA
100 _aBlackburn, Simon
245 _aDictionary of philosophy
_cSimon Blackburn
260 _aIndia
_bOxford University Press
_c2005
300 _a407 p. ; 20 cm
650 _aPhilosophy - Dictionaries
990 _a5529d52bac10000c1d4b250689e70712
991 _a300716
999 _c255893
_d255893